Normal view
MARC view
- Soni Mishal M
Entry Personal Name
001 - CONTROL NUMBER
- control field: 216478
003 - CONTROL NUMBER IDENTIFIER
- control field: OSt
005 - DATE AND TIME OF LATEST TRANSACTION
- control field: 20260123161820.0
008 - FIXED-LENGTH DATA ELEMENTS
- fixed length control field: 260123|| aca||aabn | a|a d
040 ## - CATALOGING SOURCE
- Original cataloging agency: OSt
- Transcribing agency: OSt
100 ## - HEADING--PERSONAL NAME
- Personal name: Soni Mishal M
670 ## - SOURCE DATA FOUND
- Source citation: Work cat.: (OSt)370142: Soni Mishal M, Adult Health Nursing-I (With Integrated Pathophysiology), 2025-2026